| 000 | 00000nam##2200000za#4500 |
| 001 | 9.597439 |
| 003 | CaOODSP |
| 005 | 20210624204040 |
| 007 | cr ||||||||||| |
| 008 | 150406|2007||||xxc|||||o f|0| 0 fre|d |
| 040 | |aCaOODSP|bfre |
| 043 | |an-cn--- |
| 086 | 1 |aTU3-5/05-3F-PDF |
| 110 | 2 |aBureau de la sécurité des transports du Canada. |
| 245 | 10|aSortie en bout de piste et incendie de l'Airbus A340-313 F-GLZQ exploité par Air France à l'aéroport international de Toronto/Lester B. Pearson (Ontario) le 2 août 2005 |h[ressource électronique] |
| 260 | |aGatineau - Québec : |bBureau de la sécurité des transports du Canada |c2007. |
| 300 | |a164p.|bfigures, glossaire, tableaux, photographies |
| 490 | 1 |aRapport d'enquête aéronautique |vA05H0002 |
| 500 | |aLe n° de catalogue (TU3-5/05-3F) et l’ISBN (978-0-662-07644-5) de l'édition imprimée ont été incorrectement copiés dans la version PDF. |
| 691 | 07|aAccident d'avion|2gcpds |
| 775 | 08|tRunway overrun and fire, Air France Airbus A340-313 F-GLZQ, Toronto/Lester B. Pearson International Airport, Ontario, 02 August 2005 |w(CaOODSP)9.565426 |
| 776 | 0#|tSortie en bout de piste et incendie de l'Airbus A340-313 F-GLZQ exploité par Air France à l'aéroport international de Toronto/Lester B. Pearson (Ontario) le 2 août 2005 |w(CaOODSP)9.627659 |
| 830 | #0|aRapport d'enquête aéronautique ;|vA05H0002|w(CaOODSP)9.501229 |
| 856 | 40|ahttp://publications.gc.ca|qPDF|s4680 Ko|uhttps://publications.gc.ca/collections/collection_2009/bst-tsb/TU3-5-05-3F.pdf|yA05H0002 |